Najdroższe upgrady/paragony w BTD6 (as of update 49) - Statystyki

Ogólne statystyki
  • Ten quiz został rozwiązany 4 razy
  • Średni wynik to 13 z 22
Statystyki odpowiedzi
Hint Odpowiedź % Poprawnych
150,000$ Apex Plasma Master
100%
250,000$ Glaive Dominus
100%
900,000$ Goliath Doomship
100%
500,000$ Ascended Shadow
67%
115,000$ Banana Central
67%
200,000$ Crucible of Steel and Flame
67%
76,500$ Flying Fortress
67%
165,650$ Legend of the Night
67%
750,000$ Magus Perfectus
67%
400,000$ Nautic Siege Core
67%
550,000$ Navarch of the Seas
67%
100,000$ Sun Temple
67%
70,000$ The Anti-Bloon
67%
500,000$ True Sun God
67%
65,000$ M.A.D
33%
650,000$ Master Builder
33%
800,000$ Mega Masive Munitions Factory
33%
100,000$ Monkey-Nomics
33%
70,000$ Monkey Wall Street
33%
75,000$ Ray of Doom
33%
125,000$ Super Mines
33%
72,000$ Ultraboost
33%
Nie znaleziono quizów pasujących do podanych kryteriów
Rozkład punktacji
Procent ludzi z każdym wynikiem
Percentyl według liczby udzielonych odpowiedzi
Twoja historia wyników
Nie rozwiązałeś tego quizu